ஔவையின் அமுத மொழிகள் /

Saved in:
Bibliographic Details
Main Author: சிவபாதசுந்தரம் வேலுப்பிள்ளை
Format: Book
Language:English
Tamil
Published: கனடா :
Subjects:
Tags: Add Tag
No Tags, Be the first to tag this record!

MARC

LEADER 00000nam a22000007a 4500
005 20260410102152.0
008 260410b |||||||| |||| 00| 0 eng d
041 |a tam 
082 |a 818  |b சிவபா 
100 |a சிவபாதசுந்தரம் வேலுப்பிள்ளை  |9 117166 
245 |a ஔவையின் அமுத மொழிகள் / 
260 |a கனடா : 
300 |a 63 பக்.  |b ill;  |c 22 Cm. 
650 |a  American miscellaneous writings in English  |9 117167 
942 |c BK 
999 |c 71217  |d 71217